000 00259nam a22001217a 4500
003 OSt
008 150215b xxu||||| |||| 00| 0 eng d
100 1 _aBaxter,James H.,ED
041 _aeng
245 1 0 _aPostage Stamp Design
260 _bC.1973
300 _a0 pages
999 _c642
_d642